Slovensko 2007 súhrnná správa o stave spoločnosti

Na minha lista:
Detalhes bibliográficos
Outros Autores: Kollár, Miroslav, Mesežnikov, Grigorij, Bútora, Martin
Formato: Livro
Idioma:eslovaco
Publicado em: Bratislava Inštitút pre verejné otázky 2008
Colecção:Slovensko v pohybe
Assuntos:
Tags: Adicionar Tag
Sem tags, seja o primeiro a adicionar uma tag!

MARC

LEADER 00000nam$a2200000$$$4500
001 0073733
005 20240109071145.7
020 |a 978-80-89345-01-4 
020 |a 80-89345-01-4 
041 0 |a slo 
044 |a SK 
245 1 0 |a Slovensko 2007  |b súhrnná správa o stave spoločnosti  |c editori: Miroslav Kollár, Grigorij Mesežnikov a Martin Bútora 
264 1 |a Bratislava  |b Inštitút pre verejné otázky  |c 2008 
300 |a 737 s. 
490 1 |a Slovensko v pohybe 
830 0 |a Slovensko v pohybe 
610 2 0 |a politika vnútorná 
610 2 0 |a strany politické 
610 2 0 |a štát právny 
610 2 0 |a právo 
610 2 0 |a menšiny národnostné 
610 2 0 |a Rómovia 
610 2 0 |a správa verejná 
610 2 0 |a mienka verejná 
610 2 0 |a politika zahraničná 
610 2 0 |a pomoc rozvojová 
610 2 0 |a bezpečnosť 
610 2 0 |a obrana štátu 
610 2 0 |a vývoj hospodársky 
610 2 0 |a prostredie životné 
610 2 0 |a rozvoj trvalo udržateľný 
610 2 0 |a rozvoj regionálny 
610 2 0 |a pôdohospodárstvo 
610 2 0 |a zdravotníctvo 
610 2 0 |a politika sociálna 
610 2 0 |a školstvo 
610 2 0 |a kultúra 
610 2 0 |a médiá 
610 2 0 |a organizácie neziskové 
610 2 0 |a dobrovoľníctvo 
610 2 0 |a korupcia 
610 2 0 |a spoločnosť informačná 
610 2 0 |a Slovensko 
700 1 |a Kollár, Miroslav 
700 1 |a Mesežnikov, Grigorij 
700 1 |a Bútora, Martin